Normal view
MARC view
- Hussain, Muhammad Rashid
Entry Personal Name
001 - CONTROL NUMBER
- control field: 21264
003 - CONTROL NUMBER IDENTIFIER
- control field: NUST
005 - DATE AND TIME OF LATEST TRANSACTION
- control field: 20190924151003.0
008 - FIXED-LENGTH DATA ELEMENTS
- fixed length control field: 190924|| aca||aabn | a|a d
040 ## - CATALOGING SOURCE
- Original cataloging agency: NUST
- Transcribing agency: NUST
100 ## - HEADING--PERSONAL NAME
- Personal name: Hussain, Muhammad Rashid
670 ## - SOURCE DATA FOUND
- Source citation: Work cat.: (NUST): Hussain, Muhammad Rashid, Analysis and retrieval of scanned documents using word supporting techniques. /, 2017.
